书目信息 |
| 题名: |
汽车运行材料
|
|
| 作者: | 郎金栋 , 董元虎 主编 | |
| 分册: | ||
| 出版信息: | 北京 人民交通出版社 2002 |
|
| 页数: | 225页 | |
| 开本: | 26cm | |
| 丛书名: | ||
| 单 册: | ||
| 中图分类: | U473-63 | |
| 科图分类: | ||
| 主题词: | 汽车--车辆运行--材料--高等学校--教材 , 公路运输 | |
| 电子资源: | ||
| ISBN: | 7-114-04243-4 | |
| 000 | 00702cam 22000253aa45 0 | |
| 001 | 0633843571 | |
| 005 | 20060929092424.59 | |
| 010 | @a7-114-04243-4@dCNY24.00 | |
| 100 | @a20021028d2002 em y0chiy0121 eb | |
| 101 | 0 | @achi |
| 102 | @aCN@b110000 | |
| 105 | @ay z 000yy | |
| 106 | @ar | |
| 200 | 10 | @a汽车运行材料@f郎金栋, 董元虎主编@Aqi che yun xing cai liao |
| 210 | @a北京@c人民交通出版社@d2002 | |
| 215 | @a225页@d26cm | |
| 300 | @a高等学校教材 | |
| 606 | 0 | @a汽车@x车辆运行@x材料@x高等学校@j教材 |
| 606 | 0 | @a公路运输 |
| 690 | @aU473-63@v3 | |
| 701 | 0 | @a郎金栋@4主编@Alang jin dong |
| 701 | 0 | @a董元虎@4主编@Adong yuan hu |
| 801 | 0 | @c20060929 |
| 905 | @a10447@dU473-63@e178 | |
| 汽车运行材料/郎金栋, 董元虎主编.-北京:人民交通出版社,2002 |
| 225页;26cm |
| 高等学校教材 |
| ISBN 7-114-04243-4:CNY24.00 |
| ● |
| 相关链接 |
|
|
|
|
正题名:汽车运行材料
索取号:U473-63/178
 
预约/预借
| 序号 | 登录号 | 条形码 | 馆藏地/架位号 | 状态 | 备注 |
| 1 | 0483955 | 204839559 | 密集书库/ [索取号:U473-63/178] | 在馆 |